Central Library OPAC University of Rajshahi

Aristotle's syllogistic from the standpoint of modern formal logic / (Record no. 30442)

MARC details
000 -LEADER
fixed length control field 00958pam a2200301 a 4500
001 - CONTROL NUMBER
control field 30442
003 - CONTROL NUMBER IDENTIFIER
rucl marc code BD-RjUL
005 - DATE AND TIME OF LATEST TRANSACTION
control field 20211209051550.0
008 - FIXED-LENGTH DATA ELEMENTS--GENERAL INFORMATION
fixed length control field 140409s1957 enk b 001 0 eng
020 ## - INTERNATIONAL STANDARD BOOK NUMBER
International Standard Book Number 0824069242 (alk. paper) :
035 ## - SYSTEM CONTROL NUMBER
System control number (BD-RjUL)30527
040 ## - CATALOGING SOURCE
Original cataloging agency DLC
Transcribing agency DLC
Modifying agency DLC
-- BD-RjUL
Language of cataloging eng
041 ## - LANGUAGE CODE
Language code of text/sound track or separate title eng
082 00 - DEWEY DECIMAL CLASSIFICATION NUMBER
Classification number 166.0924
Edition number 19
Author mark and year LUA 1957
100 1# - MAIN ENTRY--PERSONAL NAME
Personal name Lukasiewicz, Jan.
9 (RLIN) 91314
245 10 - TITLE STATEMENT
Title Aristotle's syllogistic from the standpoint of modern formal logic /
Statement of responsibility, etc. Jan Lukasiewicz.
250 ## - EDITION STATEMENT
Edition statement 2nd ed.
260 ## - PUBLICATION, DISTRIBUTION, ETC. (IMPRINT)
Place of publication, distribution, etc. Oxford :
Name of publisher, distributor, etc. At the clarendon Press,
Date of publication, distribution, etc. 1957.
300 ## - PHYSICAL DESCRIPTION
Pagination xiii, 222 p. ;
Size 22 cm.
500 ## - GENERAL NOTE
General note Reprint. Originally published: Oxford : Clarendon Press, 1957.
504 ## - BIBLIOGRAPHY, ETC. NOTE
Bibliography, etc Includes bibliographical references and index.
600 00 - SUBJECT ADDED ENTRY--PERSONAL NAME
Personal name Aristotle.
650 #0 - SUBJECT ADDED ENTRY--TOPICAL TERM
Topical term or geographic name as entry element Syllogism
General subdivision History
9 (RLIN) 92495
Topical term or geographic name as entry element Modality (Logic)
9 (RLIN) 92496
942 ## - ADDED ENTRY ELEMENTS (KOHA)
Source of classification or shelving scheme Dewey Decimal Classification
Koha item type Books
Holdings
Lost status Source of classification or shelving scheme Damaged status Not for loan Collection code Permanent Location Current Location Shelving location Date acquired Source of acquisition Cost, normal purchase price Total Checkouts Full call number Date last seen Copy number Koha item type
  Dewey Decimal Classification   Not For Loan Non-fiction Central Library, University of Rajshahi Central Library, University of Rajshahi Reading Room 21/11/1957 O.U.P 24.60   166.0924 LUA 1957 09/04/2014 C-1 Books
  Dewey Decimal Classification     Non-fiction Central Library, University of Rajshahi Central Library, University of Rajshahi   01/06/1977 W.Heffer & Sons. 2.75   166.0924 LUA 1972 09/04/2014 C-4 Books
  Dewey Decimal Classification     Non-fiction Central Library, University of Rajshahi Central Library, University of Rajshahi   01/06/1977 W.Heffer & Sons. 2.75   166.0924 LUA 1972 09/04/2014 C-3 Books
  Dewey Decimal Classification     Non-fiction Central Library, University of Rajshahi Central Library, University of Rajshahi   01/06/1977 W.Heffer & Sons. 2.75   166.0924 LUA 1972 09/04/2014 C-5 Books
  Dewey Decimal Classification     Non-fiction Central Library, University of Rajshahi Central Library, University of Rajshahi   01/06/1977 W.Heffer & Sons. 2.75   166.0924 LUA 1972 09/04/2014 C-2 Books